| 000 | 01572nac a22005537a 4500 | ||
|---|---|---|---|
| 001 | BR7400124 | ||
| 003 | BR-BrBNA | ||
| 005 | 20240105113738.0 | ||
| 008 | 230509b bl.|||m| |||| 00| 0 por d | ||
| 040 |
_aBR-BrBNA _bpor _cBiblioteca Nacional de Agricultura |
||
| 072 | _aH10; H20 | ||
| 090 | _a2120 BR7400124 | ||
| 100 | 1 | _aVernalha, M.M. | |
| 100 | 1 | _aSoares, S.G. | |
| 100 | 1 | _aGabardo, J.C. | |
| 100 | 1 | _aRocha, M.A.L. da | |
| 100 | 1 | _aVelloso, L.G.C. | |
| 100 | 1 | _aNowack, M.J. | |
| 100 | 1 | _aFontoura, O.S. | |
| 110 | 1 |
_aUniversidade Federal do Parana, Curitiba (Brasil). Escola de Agronomia e Veterinaria _911081 |
|
| 245 | 1 | _aPragas e doencas no cafeeiro no Estado do Parana [Brasil] | |
| 260 | 3 |
_aCuritiba, PR (Brasil): _c1965. |
|
| 300 | _a170 p. | ||
| 490 |
_aSerie Didatica - Universidade Federal do Parana. Escola de Agronomia e Veterinaria (Brazil) _vno. 1 _x |
||
| 500 | _aBibliography p. 163-170 (95 ref.) | ||
| 650 | _aBROCA | ||
| 650 | _aSAUVA | ||
| 650 | _aCARUNCHO | ||
| 650 | _aMOSCA | ||
| 650 | _aCIGARRA | ||
| 650 | _aCIGARRINHA | ||
| 650 | _aCOCHONILHA VERDE | ||
| 650 | _aCOCHONILHA PARDA | ||
| 650 | _aVERRUGA | ||
| 650 | _aBESOURO | ||
| 650 | _aTRACA | ||
| 650 | _aSERRADOR | ||
| 650 | _aNEMATOIDE | ||
| 650 | _aSECA DOS PONTEIROS | ||
| 650 | _aMANCHA DO OLHO PARDO | ||
| 650 | _aQUEIMA DA SAIA | ||
| 650 | _aPODRIDAO DA RAIZ | ||
| 650 | _aINSETO | ||
| 650 | _aFUNGO | ||
| 650 | _aCAFE | ||
| 650 | _aPARANA | ||
| 909 |
_a202312 _bLúcia Elande _c55 _dLúcia Elande |
||
| 942 |
_2AGRIS _n0 _cMS |
||
| 999 |
_c265320 _d265320 |
||